| 000 | 00652nam a2200241Ia 4500 | ||
|---|---|---|---|
| 003 | OSt | ||
| 005 | 20221007100646.0 | ||
| 006 | a|||||r|||| 00| 0 | ||
| 007 | ta | ||
| 008 | 221006b |||||||| |||| 00| 0 eng d | ||
| 024 | _a4,860 | ||
| 037 | _cTextual | ||
| 040 |
_aLCO _cLCO _beng |
||
| 041 |
_2eng _aeng |
||
| 082 | _aV2:2:(Z2,9598), M4 | ||
| 100 |
_aHANSARIA B L _9683743 |
||
| 245 | 0 | _aWrit jurisdiction under the constitution | |
| 260 |
_aBombay _bN.M.Tripathi _c1984 |
||
| 300 | _a300 | ||
| 650 |
_aWRIT JURISDICTION _9701943 |
||
| 942 |
_hV2:2:(Z2,9598), M4 _cTEXL |
||
| 999 |
_c1174423 _d1174423 |
||